Étude aire indienne - Statistiques

Statistiques générales
  • Ce quiz a été pris 55 fois
    15 depuis la dernière actualisation
  • Le résultat moyen est 31 sur 40
Statistiques - réponses
Indices Réponses % Correct
Quelle est la capitale des Maldives ? Malé
100%
Quelle ville se situe au centre sud de l'Inde ? Bangalore
83%
Quelle est la religion du Bhoutan, du Myanmar et du Sri Lanka ? Bouddhisme
83%
Quelle ville se situe à l'est de l'Inde ? Calcutta
83%
Quelle ville se situe au sud est de l'Inde ? Chennai
83%
Quelle est la capitale du Bangladesh ? Dacca
83%
Quel fleuve prend sa source au Tibet et traverse l’Inde et le Bangladesh ? Fleuve Brahmapoutre
83%
Quel fleuve sacré traverse l’Inde et le Bangladesh avant de se jeter dans le golfe du Bengale ? Fleuve Gange
83%
Quel fleuve prend sa source au Tibet et traverse l’Inde et le Pakistan ? Fleuve Indus
83%
Quel massif montagneux traverse l’Inde, le Népal, le Bhoutan et le Tibet ? Himalaya
83%
Quelle est la religion du Népal et de l'Inde? Hindouisme
83%
Quelle est la religion des Maldives, du Bangladesh, de l'Afghanistan et du Pakistan ? Islam
83%
Quelle est la capitale du Pakistan ? Islamabad
83%
Quelle est la capitale de l’Afghanistan ? Kaboul
83%
Quelle ville se situe au sud du Pakistan ? Karachi
83%
Quelle est la capitale du Népal ? Katmandou
83%
Quel est le plus grand lac d’eau douce du monde, situé en Russie ? Lac Baïkal
83%
Quel est le plus haut sommet du monde, situé entre le Népal et la Chine ? Mont Everest
83%
Quel sommet est le deuxième plus haut du monde, situé entre le Pakistan et la Chine ? Mont K2
83%
Quelle ville se situe au sud ouest de l'Inde ? Mumbai
83%
Quelle est la capitale du Myanmar ? Naypyidaw
83%
Quelle est la capitale de l’Inde ? New Delhi
83%
Quelle est la capitale du Bhoutan ? Thimphou
83%
Quel désert s'étend entre l'Inde et le Pakistan ? Désert du Thar
67%
Quel désert froid se situe dans l’Himalaya indien ? Désert froid de la vallée de Spiti
67%
Quel fleuve est un important affluent du Gange, prenant sa source au Népal ? Fleuve Gandaki
67%
Quel fleuve est un affluent de l’Indus et traverse l’Afghanistan et le Pakistan ? Fleuve Kaboul
67%
Quel fleuve prend sa source au Népal et est tristement célèbre pour ses inondations en Inde et au Bangladesh ? Fleuve Kosi
67%
Quel fleuve traverse le sud de l'Inde et se jette dans le golfe du Bengale ? Fleuve Krishna
67%
Quel fleuve est le plus long du Sri Lanka ? Fleuve Mahaweli
67%
Quelle chaîne de montagnes s'étend principalement en Afghanistan et au Pakistan ? Hindou Kouch
67%
Quel grand lac salé se trouve sur la côte est de l’Inde, dans l’État d’Odisha ? Lac Chilika
67%
Quel lac est situé à la frontière entre l’Inde et la Chine ? Lac Pangong Tso
67%
Quelle ville se situe à l'est du Pakistan, près de la frontière avec l'Inde ? Lahore
67%
Quel est le climat des villes suivantes : Islamabad, Kaboul, Katmandou et Thimphou ? Montagneux
67%
Quelle plaine fertile s'étend en Inde, au Népal et au Bangladesh ? Plaines indo-gangétiques
67%
Quel vaste plateau s'étend au nord de l’Himalaya ? Plateau Tibétain
67%
Quel désert salé se trouve dans l'État du Gujarat en Inde ? Rann de Kutch
67%
Quel est le climat des villes suivantes : Bangalore, Dacca, Naypyidaw et Lahore ? Tempéré
67%
Quel est le climat des villes suivantes : Karachi, Mumbai, Chennai et Calcutta ? Équatorial
50%
Aucun quiz correspondant
Distribution des résultats
% des personnes avec chaque résultat
Percentile par nombre de réponses
Votre historique - résultats
Vous n’avez pas pris ce quiz depuis la dernière actualisation